Score 0/18 Timer 06:00
2 Plays Today
Answer % Correct
The Chilling Adventures of Sabrina
58.3%
Killing Eve
57.6%
Queer Eye
52.1%
The Haunting of Hill House
48.7%
The Conners
44.1%
Barry
35.6%
Good Girls
30.2%
A.P. Bio
27.3%
Maniac
25.4%
Answer % Correct
Grown-ish
25.1%
Cobra Kai
22.2%
Lost in Space
20.6%
Homecoming
19.6%
Succession
14.5%
Pose
14.4%
Patrick Melrose
12.4%
The Kids Are Alright
11.3%
Condor
2.3%
Remove Ads.
Support Sporcle.
Get the best of Sporcle when you Go Orange. This ad-free experience offers more features, more stats, and more fun while also helping to support Sporcle. Thank you for becoming a member.

You're not logged in!

Compare scores with friends on all Sporcle quizzes.
OR
Log In

Show Comments

Extras

Top Quizzes Today


Score Distribution

Your Account Isn't Verified!

In order to create a playlist on Sporcle, you need to verify the email address you used during registration. Go to your Sporcle Settings to finish the process.

Report this User

Report this user for behavior that violates our Community Guidelines.

Details: